Pracovná sila na Slovensku
Z obsahu: Zdroje kvalitných pracovných síl na Slovensku nie sú ešte vyčerpané. Náklady firmy na pracovnú silu výrazne ovplyvňuje odvodové zaťaženie. Úroveň škôl často nezodpovedá potrebám firiem. Vysoká chorobnosť je strašiakom pre väčšinu zamestnávateľov. Pripravuje sa zásadná transformácia pracovn...
Na minha lista:
| Autor principal: | |
|---|---|
| Formato: | Capítulo de Livro |
| Idioma: | eslovaco |
| Assuntos: | |
| Tags: |
Sem tags, seja o primeiro a adicionar uma tag!
|
MARC
| LEADER | 00000naa a2200000 4500 | ||
|---|---|---|---|
| 001 | r036635 | ||
| 005 | 20230921104208.4 | ||
| 041 | 0 | |a slo | |
| 044 | |a SK | ||
| 245 | 1 | 0 | |a Pracovná sila na Slovensku |c Jana Janků |
| 520 | |a Z obsahu: Zdroje kvalitných pracovných síl na Slovensku nie sú ešte vyčerpané. Náklady firmy na pracovnú silu výrazne ovplyvňuje odvodové zaťaženie. Úroveň škôl často nezodpovedá potrebám firiem. Vysoká chorobnosť je strašiakom pre väčšinu zamestnávateľov. Pripravuje sa zásadná transformácia pracovného práva. | ||
| 610 | 2 | 0 | |a sily pracovné |
| 610 | 2 | 0 | |a odvody |
| 610 | 2 | 0 | |a vzdelanie |
| 610 | 2 | 0 | |a trh práce |
| 610 | 2 | 0 | |a dopyt |
| 610 | 2 | 0 | |a ponuka |
| 610 | 2 | 0 | |a chorobnosť |
| 610 | 2 | 0 | |a právo pracovné |
| 610 | 2 | 0 | |a Slovensko |
| 100 | 1 | |a Janků, Jana | |